<?xml version="1.0" encoding="UTF-8"?>
<record
    xmlns:xsi="http://www.w3.org/2001/XMLSchema-instance"
    xsi:schemaLocation="http://www.loc.gov/MARC21/slim http://www.loc.gov/standards/marcxml/schema/MARC21slim.xsd"
    xmlns="http://www.loc.gov/MARC21/slim">

  <leader>00791nam a22002537a 4500</leader>
  <controlfield tag="005">20140804122421.0</controlfield>
  <datafield tag="010" ind1=" " ind2=" ">
    <subfield code="a">ENG-107217</subfield>
  </datafield>
  <datafield tag="020" ind1=" " ind2=" ">
    <subfield code="a">9781259064210</subfield>
    <subfield code="c">320.00</subfield>
  </datafield>
  <datafield tag="020" ind1=" " ind2=" ">
    <subfield code="a">1259064212</subfield>
    <subfield code="c">320.00</subfield>
  </datafield>
  <datafield tag="035" ind1=" " ind2=" ">
    <subfield code="a">EN-90750</subfield>
  </datafield>
  <datafield tag="035" ind1=" " ind2=" ">
    <subfield code="a">B-527925-949</subfield>
  </datafield>
  <datafield tag="037" ind1=" " ind2=" ">
    <subfield code="b">DBAD/PUB</subfield>
  </datafield>
  <datafield tag="037" ind1=" " ind2=" ">
    <subfield code="b">KBD/Ven</subfield>
    <subfield code="a">dpl</subfield>
  </datafield>
  <datafield tag="082" ind1=" " ind2=" ">
    <subfield code="a">517</subfield>
  </datafield>
  <datafield tag="082" ind1=" " ind2=" ">
    <subfield code="a">511.326</subfield>
  </datafield>
  <datafield tag="100" ind1=" " ind2=" ">
    <subfield code="a">Vinay Kumar</subfield>
  </datafield>
  <datafield tag="245" ind1=" " ind2=" ">
    <subfield code="a">Functions &amp; graphs for JEE (Main &amp; advanced) /</subfield>
    <subfield code="c">by Vinay Kumar</subfield>
  </datafield>
  <datafield tag="250" ind1=" " ind2=" ">
    <subfield code="a">2nd ed</subfield>
  </datafield>
  <datafield tag="260" ind1=" " ind2=" ">
    <subfield code="a">New Delhi</subfield>
    <subfield code="b">Tata McGraw Hill</subfield>
    <subfield code="c">2013</subfield>
  </datafield>
  <datafield tag="270" ind1=" " ind2=" ">
    <subfield code="a">P-24, Green Park Extension</subfield>
    <subfield code="b">New Delhi</subfield>
    <subfield code="e">110016</subfield>
  </datafield>
  <datafield tag="300" ind1=" " ind2=" ">
    <subfield code="a"> various pagings :</subfield>
    <subfield code="b">ill.</subfield>
    <subfield code="c">24cm(pbk)</subfield>
  </datafield>
  <datafield tag="942" ind1=" " ind2=" ">
    <subfield code="2">ddc</subfield>
    <subfield code="c">EN</subfield>
    <subfield code="h">511.326</subfield>
    <subfield code="m">VIN</subfield>
  </datafield>
  <datafield tag="999" ind1=" " ind2=" ">
    <subfield code="c">75869</subfield>
    <subfield code="d">75869</subfield>
  </datafield>
  <datafield tag="952" ind1=" " ind2=" ">
    <subfield code="0">0</subfield>
    <subfield code="1">0</subfield>
    <subfield code="4">0</subfield>
    <subfield code="7">1</subfield>
    <subfield code="8">NFIC</subfield>
    <subfield code="a">DBAD</subfield>
    <subfield code="b">DBAD</subfield>
    <subfield code="d">2013-05-22</subfield>
    <subfield code="e">DBAD/PUB</subfield>
    <subfield code="g">320.00</subfield>
    <subfield code="l">0</subfield>
    <subfield code="o">517 VIN</subfield>
    <subfield code="p">EN-90750</subfield>
    <subfield code="r">2013-05-22 00:00:00</subfield>
    <subfield code="t">1</subfield>
    <subfield code="v">320.00</subfield>
    <subfield code="y">EN</subfield>
  </datafield>
  <datafield tag="952" ind1=" " ind2=" ">
    <subfield code="0">0</subfield>
    <subfield code="1">3</subfield>
    <subfield code="4">0</subfield>
    <subfield code="7">0</subfield>
    <subfield code="8">NFIC</subfield>
    <subfield code="a">L</subfield>
    <subfield code="b">L</subfield>
    <subfield code="d">2014-08-04</subfield>
    <subfield code="e">KBD/BL64/24.10.2013/07/10.10.2013/29.10.2013</subfield>
    <subfield code="g">340.00</subfield>
    <subfield code="l">20</subfield>
    <subfield code="m">2</subfield>
    <subfield code="o">511.326 VIN</subfield>
    <subfield code="p">B-527925</subfield>
    <subfield code="r">2019-06-07 00:00:00</subfield>
    <subfield code="s">2019-05-17</subfield>
    <subfield code="t">1</subfield>
    <subfield code="v">340.00</subfield>
    <subfield code="w">2014-08-04</subfield>
    <subfield code="y">EN</subfield>
  </datafield>
  <datafield tag="952" ind1=" " ind2=" ">
    <subfield code="0">0</subfield>
    <subfield code="1">0</subfield>
    <subfield code="4">0</subfield>
    <subfield code="7">1</subfield>
    <subfield code="8">REF</subfield>
    <subfield code="a">L</subfield>
    <subfield code="b">L</subfield>
    <subfield code="d">2014-08-04</subfield>
    <subfield code="e">KBD/BL64/24.10.2013/07/10.10.2013/29.10.2013</subfield>
    <subfield code="g">340.00</subfield>
    <subfield code="l">0</subfield>
    <subfield code="o">511.326 VIN</subfield>
    <subfield code="p">B-527926</subfield>
    <subfield code="r">2014-08-04 00:00:00</subfield>
    <subfield code="t">1</subfield>
    <subfield code="v">340.00</subfield>
    <subfield code="y">EN</subfield>
  </datafield>
  <datafield tag="952" ind1=" " ind2=" ">
    <subfield code="0">0</subfield>
    <subfield code="1">5</subfield>
    <subfield code="4">0</subfield>
    <subfield code="7">0</subfield>
    <subfield code="8">NFIC</subfield>
    <subfield code="a">M</subfield>
    <subfield code="b">M</subfield>
    <subfield code="d">2014-08-04</subfield>
    <subfield code="e">KBD/BL64/24.10.2013/07/10.10.2013/29.10.2013</subfield>
    <subfield code="g">340.00</subfield>
    <subfield code="l">0</subfield>
    <subfield code="o">511.326 VIN</subfield>
    <subfield code="p">B-527927</subfield>
    <subfield code="r">2014-08-04 00:00:00</subfield>
    <subfield code="t">4</subfield>
    <subfield code="v">340.00</subfield>
    <subfield code="y">EN</subfield>
  </datafield>
  <datafield tag="952" ind1=" " ind2=" ">
    <subfield code="0">0</subfield>
    <subfield code="1">5</subfield>
    <subfield code="4">0</subfield>
    <subfield code="7">0</subfield>
    <subfield code="8">NFIC</subfield>
    <subfield code="a">M</subfield>
    <subfield code="b">M</subfield>
    <subfield code="d">2014-08-04</subfield>
    <subfield code="e">KBD/BL64/24.10.2013/07/10.10.2013/29.10.2013</subfield>
    <subfield code="g">340.00</subfield>
    <subfield code="l">0</subfield>
    <subfield code="o">511.326 VIN</subfield>
    <subfield code="p">B-527928</subfield>
    <subfield code="r">2014-08-04 00:00:00</subfield>
    <subfield code="t">4</subfield>
    <subfield code="v">340.00</subfield>
    <subfield code="y">EN</subfield>
  </datafield>
  <datafield tag="952" ind1=" " ind2=" ">
    <subfield code="0">0</subfield>
    <subfield code="1">0</subfield>
    <subfield code="4">0</subfield>
    <subfield code="7">0</subfield>
    <subfield code="8">NFIC</subfield>
    <subfield code="a">M</subfield>
    <subfield code="b">M</subfield>
    <subfield code="d">2014-08-04</subfield>
    <subfield code="e">KBD/BL64/24.10.2013/07/10.10.2013/29.10.2013</subfield>
    <subfield code="g">340.00</subfield>
    <subfield code="l">0</subfield>
    <subfield code="o">511.326 VIN</subfield>
    <subfield code="p">B-527929</subfield>
    <subfield code="r">2014-08-04 00:00:00</subfield>
    <subfield code="t">4</subfield>
    <subfield code="v">340.00</subfield>
    <subfield code="y">EN</subfield>
  </datafield>
  <datafield tag="952" ind1=" " ind2=" ">
    <subfield code="0">0</subfield>
    <subfield code="1">0</subfield>
    <subfield code="4">0</subfield>
    <subfield code="7">0</subfield>
    <subfield code="8">NFIC</subfield>
    <subfield code="a">M</subfield>
    <subfield code="b">M</subfield>
    <subfield code="d">2014-08-04</subfield>
    <subfield code="e">KBD/BL64/24.10.2013/07/10.10.2013/29.10.2013</subfield>
    <subfield code="g">340.00</subfield>
    <subfield code="l">0</subfield>
    <subfield code="o">511.326 VIN</subfield>
    <subfield code="p">B-527930</subfield>
    <subfield code="r">2014-08-04 00:00:00</subfield>
    <subfield code="t">4</subfield>
    <subfield code="v">340.00</subfield>
    <subfield code="y">EN</subfield>
  </datafield>
  <datafield tag="952" ind1=" " ind2=" ">
    <subfield code="0">0</subfield>
    <subfield code="1">0</subfield>
    <subfield code="4">0</subfield>
    <subfield code="7">0</subfield>
    <subfield code="8">NFIC</subfield>
    <subfield code="a">NPL</subfield>
    <subfield code="b">NPL</subfield>
    <subfield code="d">2014-08-04</subfield>
    <subfield code="e">KBD/BL64/24.10.2013/07/10.10.2013/29.10.2013</subfield>
    <subfield code="g">340.00</subfield>
    <subfield code="l">0</subfield>
    <subfield code="o">511.326 VIN</subfield>
    <subfield code="p">B-527931</subfield>
    <subfield code="r">2014-08-04 00:00:00</subfield>
    <subfield code="t">1</subfield>
    <subfield code="v">340.00</subfield>
    <subfield code="y">EN</subfield>
  </datafield>
  <datafield tag="952" ind1=" " ind2=" ">
    <subfield code="0">0</subfield>
    <subfield code="1">0</subfield>
    <subfield code="4">0</subfield>
    <subfield code="7">0</subfield>
    <subfield code="8">NFIC</subfield>
    <subfield code="a">BL1</subfield>
    <subfield code="b">BL1</subfield>
    <subfield code="d">2014-08-04</subfield>
    <subfield code="e">KBD/BL64/24.10.2013/07/10.10.2013/29.10.2013</subfield>
    <subfield code="g">340.00</subfield>
    <subfield code="l">5</subfield>
    <subfield code="m">4</subfield>
    <subfield code="o">511.326 VIN</subfield>
    <subfield code="p">B-527932</subfield>
    <subfield code="r">2019-07-01 00:00:00</subfield>
    <subfield code="s">2019-05-25</subfield>
    <subfield code="t">1</subfield>
    <subfield code="v">340.00</subfield>
    <subfield code="y">EN</subfield>
  </datafield>
  <datafield tag="952" ind1=" " ind2=" ">
    <subfield code="0">0</subfield>
    <subfield code="1">0</subfield>
    <subfield code="4">0</subfield>
    <subfield code="7">0</subfield>
    <subfield code="8">NFIC</subfield>
    <subfield code="a">KGM</subfield>
    <subfield code="b">KGM</subfield>
    <subfield code="d">2014-08-04</subfield>
    <subfield code="e">KBD/BL64/24.10.2013/07/10.10.2013/29.10.2013</subfield>
    <subfield code="g">340.00</subfield>
    <subfield code="l">7</subfield>
    <subfield code="m">12</subfield>
    <subfield code="o">511.326 VIN</subfield>
    <subfield code="p">B-527933</subfield>
    <subfield code="r">2025-10-15 00:00:00</subfield>
    <subfield code="s">2025-09-03</subfield>
    <subfield code="t">1</subfield>
    <subfield code="v">340.00</subfield>
    <subfield code="y">EN</subfield>
  </datafield>
  <datafield tag="952" ind1=" " ind2=" ">
    <subfield code="0">0</subfield>
    <subfield code="1">0</subfield>
    <subfield code="4">0</subfield>
    <subfield code="7">0</subfield>
    <subfield code="8">NFIC</subfield>
    <subfield code="a">PR</subfield>
    <subfield code="b">PR</subfield>
    <subfield code="d">2014-08-04</subfield>
    <subfield code="e">KBD/BL64/24.10.2013/07/10.10.2013/29.10.2013</subfield>
    <subfield code="g">340.00</subfield>
    <subfield code="l">2</subfield>
    <subfield code="o">511.326 VIN</subfield>
    <subfield code="p">B-527934</subfield>
    <subfield code="r">2025-07-28 00:00:00</subfield>
    <subfield code="s">2025-06-16</subfield>
    <subfield code="t">1</subfield>
    <subfield code="v">340.00</subfield>
    <subfield code="y">EN</subfield>
  </datafield>
  <datafield tag="952" ind1=" " ind2=" ">
    <subfield code="0">0</subfield>
    <subfield code="1">0</subfield>
    <subfield code="4">0</subfield>
    <subfield code="7">0</subfield>
    <subfield code="8">NFIC</subfield>
    <subfield code="a">TN</subfield>
    <subfield code="b">TN</subfield>
    <subfield code="d">2014-08-04</subfield>
    <subfield code="e">KBD/BL64/24.10.2013/07/10.10.2013/29.10.2013</subfield>
    <subfield code="g">340.00</subfield>
    <subfield code="l">2</subfield>
    <subfield code="m">1</subfield>
    <subfield code="o">511.326 VIN</subfield>
    <subfield code="p">B-527935</subfield>
    <subfield code="r">2022-04-18 00:00:00</subfield>
    <subfield code="s">2022-03-28</subfield>
    <subfield code="t">1</subfield>
    <subfield code="v">340.00</subfield>
    <subfield code="y">EN</subfield>
  </datafield>
  <datafield tag="952" ind1=" " ind2=" ">
    <subfield code="0">0</subfield>
    <subfield code="1">0</subfield>
    <subfield code="4">0</subfield>
    <subfield code="7">0</subfield>
    <subfield code="8">NFIC</subfield>
    <subfield code="a">CJ</subfield>
    <subfield code="b">CJ</subfield>
    <subfield code="d">2014-08-04</subfield>
    <subfield code="e">KBD/BL64/24.10.2013/07/10.10.2013/29.10.2013</subfield>
    <subfield code="g">340.00</subfield>
    <subfield code="l">0</subfield>
    <subfield code="o">511.326 VIN</subfield>
    <subfield code="p">B-527936</subfield>
    <subfield code="r">2014-08-04 00:00:00</subfield>
    <subfield code="t">1</subfield>
    <subfield code="v">340.00</subfield>
    <subfield code="y">EN</subfield>
  </datafield>
  <datafield tag="952" ind1=" " ind2=" ">
    <subfield code="0">0</subfield>
    <subfield code="1">3</subfield>
    <subfield code="4">0</subfield>
    <subfield code="7">0</subfield>
    <subfield code="8">NFIC</subfield>
    <subfield code="a">ZLS</subfield>
    <subfield code="b">ZLS</subfield>
    <subfield code="d">2014-08-04</subfield>
    <subfield code="e">KBD/BL64/24.10.2013/07/10.10.2013/29.10.2013</subfield>
    <subfield code="g">340.00</subfield>
    <subfield code="l">0</subfield>
    <subfield code="o">511.326 VIN</subfield>
    <subfield code="p">B-527937</subfield>
    <subfield code="r">2014-08-04 00:00:00</subfield>
    <subfield code="t">1</subfield>
    <subfield code="v">340.00</subfield>
    <subfield code="y">EN</subfield>
  </datafield>
  <datafield tag="952" ind1=" " ind2=" ">
    <subfield code="0">0</subfield>
    <subfield code="1">0</subfield>
    <subfield code="4">0</subfield>
    <subfield code="7">0</subfield>
    <subfield code="8">NFIC</subfield>
    <subfield code="a">NRN</subfield>
    <subfield code="b">NRN</subfield>
    <subfield code="d">2014-08-04</subfield>
    <subfield code="e">KBD/BL64/24.10.2013/07/10.10.2013/29.10.2013</subfield>
    <subfield code="g">340.00</subfield>
    <subfield code="l">0</subfield>
    <subfield code="o">511.326 VIN</subfield>
    <subfield code="p">B-527938</subfield>
    <subfield code="r">2014-08-04 00:00:00</subfield>
    <subfield code="t">1</subfield>
    <subfield code="v">340.00</subfield>
    <subfield code="y">EN</subfield>
  </datafield>
  <datafield tag="952" ind1=" " ind2=" ">
    <subfield code="0">1</subfield>
    <subfield code="1">0</subfield>
    <subfield code="4">0</subfield>
    <subfield code="7">0</subfield>
    <subfield code="8">NFIC</subfield>
    <subfield code="a">JP</subfield>
    <subfield code="b">JP</subfield>
    <subfield code="d">2014-08-04</subfield>
    <subfield code="e">KBD/BL64/24.10.2013/07/10.10.2013/29.10.2013</subfield>
    <subfield code="g">340.00</subfield>
    <subfield code="l">28</subfield>
    <subfield code="m">10</subfield>
    <subfield code="o">511.326 VIN</subfield>
    <subfield code="p">B-527939</subfield>
    <subfield code="r">2018-04-17 00:00:00</subfield>
    <subfield code="s">2018-04-02</subfield>
    <subfield code="t">1</subfield>
    <subfield code="v">340.00</subfield>
    <subfield code="y">EN</subfield>
  </datafield>
  <datafield tag="952" ind1=" " ind2=" ">
    <subfield code="0">0</subfield>
    <subfield code="1">0</subfield>
    <subfield code="4">0</subfield>
    <subfield code="7">0</subfield>
    <subfield code="8">NFIC</subfield>
    <subfield code="a">BN</subfield>
    <subfield code="b">BN</subfield>
    <subfield code="d">2014-08-04</subfield>
    <subfield code="e">KBD/BL64/24.10.2013/07/10.10.2013/29.10.2013</subfield>
    <subfield code="g">340.00</subfield>
    <subfield code="l">1</subfield>
    <subfield code="o">511.326 VIN</subfield>
    <subfield code="p">B-527940</subfield>
    <subfield code="r">2019-05-15 00:00:00</subfield>
    <subfield code="s">2019-05-02</subfield>
    <subfield code="t">1</subfield>
    <subfield code="v">340.00</subfield>
    <subfield code="y">EN</subfield>
  </datafield>
  <datafield tag="952" ind1=" " ind2=" ">
    <subfield code="0">0</subfield>
    <subfield code="1">0</subfield>
    <subfield code="4">0</subfield>
    <subfield code="7">0</subfield>
    <subfield code="8">NFIC</subfield>
    <subfield code="a">NRR</subfield>
    <subfield code="b">NRR</subfield>
    <subfield code="d">2014-08-04</subfield>
    <subfield code="e">KBD/BL64/24.10.2013/07/10.10.2013/29.10.2013</subfield>
    <subfield code="g">340.00</subfield>
    <subfield code="l">0</subfield>
    <subfield code="o">511.326 VIN</subfield>
    <subfield code="p">B-527941</subfield>
    <subfield code="r">2014-08-04 00:00:00</subfield>
    <subfield code="t">1</subfield>
    <subfield code="v">340.00</subfield>
    <subfield code="y">EN</subfield>
  </datafield>
  <datafield tag="952" ind1=" " ind2=" ">
    <subfield code="0">0</subfield>
    <subfield code="1">0</subfield>
    <subfield code="4">0</subfield>
    <subfield code="7">0</subfield>
    <subfield code="8">NFIC</subfield>
    <subfield code="a">BKK</subfield>
    <subfield code="b">BKK</subfield>
    <subfield code="d">2014-08-04</subfield>
    <subfield code="e">KBD/BL64/24.10.2013/07/10.10.2013/29.10.2013</subfield>
    <subfield code="g">340.00</subfield>
    <subfield code="l">0</subfield>
    <subfield code="o">511.326 VIN</subfield>
    <subfield code="p">B-527942</subfield>
    <subfield code="r">2014-08-04 00:00:00</subfield>
    <subfield code="t">1</subfield>
    <subfield code="v">340.00</subfield>
    <subfield code="y">EN</subfield>
  </datafield>
  <datafield tag="952" ind1=" " ind2=" ">
    <subfield code="0">0</subfield>
    <subfield code="1">0</subfield>
    <subfield code="4">0</subfield>
    <subfield code="7">0</subfield>
    <subfield code="8">NFIC</subfield>
    <subfield code="a">NR</subfield>
    <subfield code="b">NR</subfield>
    <subfield code="d">2014-08-04</subfield>
    <subfield code="e">KBD/BL64/24.10.2013/07/10.10.2013/29.10.2013</subfield>
    <subfield code="g">340.00</subfield>
    <subfield code="l">0</subfield>
    <subfield code="o">511.326 VIN</subfield>
    <subfield code="p">B-527943</subfield>
    <subfield code="r">2014-08-04 00:00:00</subfield>
    <subfield code="t">1</subfield>
    <subfield code="v">340.00</subfield>
    <subfield code="y">EN</subfield>
  </datafield>
  <datafield tag="952" ind1=" " ind2=" ">
    <subfield code="0">0</subfield>
    <subfield code="1">0</subfield>
    <subfield code="4">0</subfield>
    <subfield code="7">0</subfield>
    <subfield code="8">NFIC</subfield>
    <subfield code="a">BN</subfield>
    <subfield code="b">BN</subfield>
    <subfield code="d">2014-08-04</subfield>
    <subfield code="e">KBD/BL64/24.10.2013/07/10.10.2013/29.10.2013</subfield>
    <subfield code="g">340.00</subfield>
    <subfield code="l">4</subfield>
    <subfield code="o">511.326 VIN</subfield>
    <subfield code="p">B-527944</subfield>
    <subfield code="r">2021-02-10 00:00:00</subfield>
    <subfield code="s">2021-01-29</subfield>
    <subfield code="t">1</subfield>
    <subfield code="v">340.00</subfield>
    <subfield code="y">EN</subfield>
  </datafield>
  <datafield tag="952" ind1=" " ind2=" ">
    <subfield code="0">0</subfield>
    <subfield code="1">0</subfield>
    <subfield code="4">0</subfield>
    <subfield code="7">0</subfield>
    <subfield code="8">NFIC</subfield>
    <subfield code="a">KV</subfield>
    <subfield code="b">KV</subfield>
    <subfield code="d">2014-08-04</subfield>
    <subfield code="e">KBD/BL64/24.10.2013/07/10.10.2013/29.10.2013</subfield>
    <subfield code="g">340.00</subfield>
    <subfield code="l">0</subfield>
    <subfield code="o">511.326 VIN</subfield>
    <subfield code="p">B-527945</subfield>
    <subfield code="r">2014-08-04 00:00:00</subfield>
    <subfield code="t">1</subfield>
    <subfield code="v">340.00</subfield>
    <subfield code="y">EN</subfield>
  </datafield>
  <datafield tag="952" ind1=" " ind2=" ">
    <subfield code="0">0</subfield>
    <subfield code="1">0</subfield>
    <subfield code="4">0</subfield>
    <subfield code="7">0</subfield>
    <subfield code="8">NFIC</subfield>
    <subfield code="a">MV</subfield>
    <subfield code="b">MV</subfield>
    <subfield code="d">2014-08-04</subfield>
    <subfield code="e">KBD/BL64/24.10.2013/07/10.10.2013/29.10.2013</subfield>
    <subfield code="g">340.00</subfield>
    <subfield code="l">0</subfield>
    <subfield code="o">511.326 VIN</subfield>
    <subfield code="p">B-527946</subfield>
    <subfield code="r">2014-08-04 00:00:00</subfield>
    <subfield code="t">1</subfield>
    <subfield code="v">340.00</subfield>
    <subfield code="y">EN</subfield>
  </datafield>
  <datafield tag="952" ind1=" " ind2=" ">
    <subfield code="0">0</subfield>
    <subfield code="1">0</subfield>
    <subfield code="4">0</subfield>
    <subfield code="7">0</subfield>
    <subfield code="8">NFIC</subfield>
    <subfield code="a">MP</subfield>
    <subfield code="b">MP</subfield>
    <subfield code="d">2014-08-04</subfield>
    <subfield code="e">KBD/BL64/24.10.2013/07/10.10.2013/29.10.2013</subfield>
    <subfield code="g">340.00</subfield>
    <subfield code="l">0</subfield>
    <subfield code="o">511.326 VIN</subfield>
    <subfield code="p">B-527947</subfield>
    <subfield code="r">2014-08-04 00:00:00</subfield>
    <subfield code="t">1</subfield>
    <subfield code="v">340.00</subfield>
    <subfield code="y">EN</subfield>
  </datafield>
  <datafield tag="952" ind1=" " ind2=" ">
    <subfield code="0">0</subfield>
    <subfield code="1">0</subfield>
    <subfield code="4">0</subfield>
    <subfield code="7">0</subfield>
    <subfield code="8">NFIC</subfield>
    <subfield code="a">BL4</subfield>
    <subfield code="b">BL4</subfield>
    <subfield code="d">2014-08-04</subfield>
    <subfield code="e">KBD/BL64/24.10.2013/07/10.10.2013/29.10.2013</subfield>
    <subfield code="g">340.00</subfield>
    <subfield code="l">20</subfield>
    <subfield code="m">15</subfield>
    <subfield code="o">511.326 VIN</subfield>
    <subfield code="p">B-527948</subfield>
    <subfield code="r">2023-09-13 00:00:00</subfield>
    <subfield code="s">2023-08-16</subfield>
    <subfield code="t">1</subfield>
    <subfield code="v">340.00</subfield>
    <subfield code="y">EN</subfield>
  </datafield>
  <datafield tag="952" ind1=" " ind2=" ">
    <subfield code="0">0</subfield>
    <subfield code="1">0</subfield>
    <subfield code="4">0</subfield>
    <subfield code="7">0</subfield>
    <subfield code="8">NFIC</subfield>
    <subfield code="a">RC1</subfield>
    <subfield code="b">RC1</subfield>
    <subfield code="d">2014-08-04</subfield>
    <subfield code="e">KBD/BL64/24.10.2013/07/10.10.2013/29.10.2013</subfield>
    <subfield code="g">340.00</subfield>
    <subfield code="l">0</subfield>
    <subfield code="o">511.326 VIN</subfield>
    <subfield code="p">B-527949</subfield>
    <subfield code="r">2014-08-04 00:00:00</subfield>
    <subfield code="t">1</subfield>
    <subfield code="v">340.00</subfield>
    <subfield code="y">EN</subfield>
  </datafield>
</record>
